Statystyki dla Skład Manchesteru City 2019/20

Kliknij tutaj aby rozwiązać quiz!

Ogólne statystyki

  • Ten quiz został rozwiązany 78 razy
  • Średni wynik to 19 z 27

Statystyki odpowiedzi

PozycjaNarodowośćPiłkarz% Poprawnych
BramkarzBrazyliaEderson
100%
NapastnikArgentynaSergio Agüero
99%
NapastnikPortugaliaBernardo Silva
97%
PomocnikHiszpaniaDavid Silva
97%
PomocnikBelgiaKevin De Bruyne
96%
NapastnikBrazyliaGabriel Jesus
95%
NapastnikAlgieriaRiyad Mahrez
93%
BramkarzChileClaudio Bravo
89%
PomocnikNiemcyIlkay Gündogan
88%
ObrońcaUkrainaOleksandr Zinchenko
88%
NapastnikAngliaRaheem Sterling
86%
ObrońcaFrancjaAymeric Laporte
84%
ObrońcaAngliaKyle Walker
84%
ObrońcaFrancjaBenjamin Mendy
81%
ObrońcaPortugaliaJoão Cancelo
81%
ObrońcaAngliaJohn Stones
81%
ObrońcaArgentynaNicolás Otamendi
81%
PomocnikBrazyliaFernandinho
80%
NapastnikNiemcyLeroy Sané
74%
PomocnikHiszpaniaRodri
72%
PomocnikAngliaPhil Foden
66%
BramkarzCzarnogóra/KosowoArijanet Muric
34%
BramkarzAngliaScott Carson
28%
ObrońcaHiszpaniaEric García
22%
ObrońcaAnglia/NigeriaTosin Adarabioyo
4%
PomocnikJaponiaRyotaro Meshino
3%
NapastnikAngliaPatrick Roberts
1%

Rozkład punktacji

Percentyl według liczby udzielonych odpowiedzi

Procent ludzi z każdym wynikiem

Twoja historia wyników

Nie rozwiązałeś tego quizu